Cánovas juzgado por los argentinos
Descripción Física:
60 p. ; 26 cm
Materias:
Cánovas del Castillo, Antonio
MARC
| LEADER | 00000nam a2200000Ia 4500 | ||
|---|---|---|---|
| 001 | 1476 | ||
| 008 | 160829s1897 xx 000 0 cat d | ||
| 080 | |a M-4-313 | ||
| 245 | |a Cánovas juzgado por los argentinos | ||
| 260 | |a Buenos Aires : |b Félix Lajouane ; Barcelona : |b Antonio J. Bastinos, |c 1897 | ||
| 300 | |a 60 p. ; |c 26 cm | ||
| 590 | |a Prové de 1950, exp. 3 | ||
| 650 | |a Cánovas del Castillo, Antonio |9 43517 | ||
| 901 | |a Arxiu | ||
| 942 | |n 1 | ||
| 952 | |0 0 |1 0 |4 0 |6 M4313 |7 1 |9 51486 |a Arxiu |b Arxiu |d 2016-12-01 |l 0 |o M-4-313 |p 1476 |r 2016-12-01 00:00:00 |w 2016-12-01 |y ARXIU | ||
| 999 | |c 55330 |d 55330 | ||